Některé metodické problémy mezinárodního srovnávání efektivnosti bank

Kľúčové aspekty, ktoré je vhodné brať do úvahy pri medzinárodnom porovnávaní efektívnosti bánk: menový kurz, výška úrokových sadzieb, miera inflácie, menová politika, rentabilita podnikania a produktivity práce, národohospodárske hľadisko, cena a dostupnosť bankových služieb z pohľadu klienta, kvali...

Ausführliche Beschreibung

Gespeichert in:
Bibliographische Detailangaben
1. Verfasser: Babouček, I.
Format: Buchkapitel
Sprache:Tschechisch
Schlagworte:
Tags: Tag hinzufügen
Keine Tags, Fügen Sie das erste Tag hinzu!

MARC

LEADER 00000naa a2200000 4500
001 r026378
005 20230908090031.6
041 0 |a cze 
044 |a CZ 
245 1 0 |a Některé metodické problémy mezinárodního srovnávání efektivnosti bank  |c I. Babouček 
520 |a Kľúčové aspekty, ktoré je vhodné brať do úvahy pri medzinárodnom porovnávaní efektívnosti bánk: menový kurz, výška úrokových sadzieb, miera inflácie, menová politika, rentabilita podnikania a produktivity práce, národohospodárske hľadisko, cena a dostupnosť bankových služieb z pohľadu klienta, kvalita riadenia ziskovosti a štruktúra aktivít bánk. 
610 2 0 |a banky 
610 2 0 |a efektívnosť 
610 2 0 |a porovnanie medzinárodné 
610 2 0 |a kurz menový 
610 2 0 |a sadzby úrokové 
610 2 0 |a miera inflácie 
610 2 0 |a politika menová 
610 2 0 |a rentabilita 
610 2 0 |a produktivita práce 
610 2 0 |a makroekonomika 
610 2 0 |a mikroekonomika 
610 2 0 |a zisk 
610 2 0 |a služby bankové 
100 1 |a Babouček, I.